Jardines en la ciudad : vivir en la ciudad /

Guardado en:
Autor Principal: Cané, Lucía, 2000.
Formato: Libro
Idioma:Undetermined
Publicado: Buenos Aires : El Jardín en la Argentina, 2000.
Edición:1era ed.
Series:Mi jardín
Materias:
Etiquetas: Agregar Etiqueta
Sin Etiquetas, Sea el primero en etiquetar este registro!
LEADER 00613nam a22002055a 4500
001 CEM.cems025251
008 260701s2000####ag#a##########000#0#und#d
005 20260701102755.0
245 1 0 |a Jardines en la ciudad :  |b vivir en la ciudad /  |c Lucía Cané. 
250 |a 1era ed. 
260 |a Buenos Aires :  |b El Jardín en la Argentina,  |c 2000. 
300 |a 97 p. :  |b il. ;  |c 20 cm. 
490 1 |a Mi jardín 
020 |a 9789874610652 
100 1 |a Cané, Lucía,  |d 2000. 
082 0 4 |a 635.9 
653 |a Jardines 
653 |a Jardín 
653 |a Ornamentales 
859 |a CEMS  |b BIB. CEMS - Agricultura  |h 635.9  |i C162  |p A4214.26  |t Ej.1